000
00256nam a2200109Ia 4500
008
220204s9999 xx 000 0 und d
082
_a
82-3
_b
BOD
245
4
_a
The Portable Thoreau
260
_a
England
_b
penguin
_c
1975
700
_a
Bode, Carl
942
_c
BK
999
_c
33054
_d
33054